000 00542nam a2200193Ia 4500
003 GCL
008 140319s9999 xx 000 0 ara d
040 _aGCL /
_cGCL
082 0 4 _aد
_b050
100 1 _aقدرى حافظ طوقان
245 1 0 _aالكون العجيب ( اقرا 11 ) /
_cقدرى حافظ طوقان
300 _a143 ص
490 _aوثائق ونصوص
_v0
650 0 4 _aالنجوم
650 0 4 _aالكواكب
650 0 4 _aالمجموعة الشمسية
650 0 4 _aغزو الفضاء
942 _2ddc
_cCF
999 _c27320
_d27320